Φορτώνει......
Edible Medicinal and Non-medicinal Plants
| Κύριος συγγραφέας: | |
|---|---|
| Μορφή: | Printed Book |
| Έκδοση: |
Springer
2015
|
| LEADER | 00394nam a22001217a 4500 | ||
|---|---|---|---|
| 020 | |a 9789401795104 | ||
| 082 | |a 581.495 |b LIM.E | ||
| 100 | |a Lim T K | ||
| 245 | |a Edible Medicinal and Non-medicinal Plants | ||
| 260 | |b Springer |c 2015 | ||
| 942 | |c BK | ||
| 999 | |c 8963 |d 8963 | ||
| 952 | |0 0 |1 0 |4 0 |6 581_495000000000000_LIM_E |7 0 |8 NFIC |9 10874 |a CAMPUS |b CAMPUS |d 2016-08-03 |l 0 |o 581.495 LIM.E |p 21458 |r 2016-08-03 |w 2016-08-03 |y BK | ||